| 000 | 00864nam a2200253Ia 4500 | ||
|---|---|---|---|
| 003 | OSt | ||
| 005 | 20220930184429.0 | ||
| 006 | a|||||r|||| 00| 0 | ||
| 007 | ta | ||
| 008 | 220926b |||||||| |||| 00| 0 eng d | ||
| 020 |
_a9781614512264 (hbk) _c7909.04 |
||
| 024 | _a14808 | ||
| 037 |
_b7285, 11/09/2014, Efficient Book Distributors _cTextbook |
||
| 040 |
_aCRL _cCRL _beng |
||
| 041 |
_2eng _aeng |
||
| 082 | _aT:3(P), Q2 | ||
| 100 |
_aHarr Anne - Katharina _9557022 |
||
| 245 | 0 |
_aLanguage specific factor in first language acquisition _b The expression of motion events in french and german |
|
| 260 |
_aBerlin _bWalter de Gruyter Germany _c2012 |
||
| 300 |
_axiii, 388p. _ccm. |
||
| 650 | _aEDUCATION | ||
| 942 |
_hT:3(P), Q2 _cTB _2CC |
||
| 999 |
_c888489 _d888489 |
||